Akciová společnost legislativa, řízení a organizační struktura

Gespeichert in:
Bibliographische Detailangaben
1. Verfasser: Žáček, Vladimír
Weitere Verfasser: Kratochvíl, Jaroslav
Format: Buch
Sprache:Tschechisch
Veröffentlicht: Praha Management Press 1993
Ausgabe:1. vyd.
Schlagworte:
Tags: Tag hinzufügen
Keine Tags, Fügen Sie das erste Tag hinzu!

MARC

LEADER 00000nam a2200000 4500
001 c004318
005 20221206074214.7
020 |a 80-85603-37-3 
041 0 |a cze 
044 |a CZ 
245 1 0 |a Akciová společnost  |b legislativa, řízení a organizační struktura  |c Vladimír Žáček, Jaroslav Kratochvíl 
250 |a 1. vyd. 
264 1 |a Praha  |b Management Press  |c 1993 
300 |a 128 s. 
610 2 0 |a spoločnosti akciové 
610 2 0 |a štruktúra organizačná 
610 2 0 |a legislatíva 
610 2 0 |a riadenie 
610 2 0 |a koncerny 
100 1 |a Žáček, Vladimír 
700 1 |a Kratochvíl, Jaroslav